000
00223 a2200097 4500
001
12753
100
_a
Air Cdre Jamal Hussain (R)
245
_a
Air Power In South Asia
260
_a
_b
PAF Book Club
_c
090
_c
9751
_d
9751
942
_a
NUST-CAE
_c
M
_c
36657
999
_c
247826
_d
247826